000 00887nam a2200253 i 4500
001 186007
003 SpMaBN
005 20250716063339.0
008 160902q1981 ag |||| |dspa d
020 _a84-03-52041-7
080 _a248.2
080 _a821.134.1-97"12"
100 0 _aRamón Llull,
_cBeato,
_dca. 1232-1316?
_995219
245 1 0 _aLibro del amigo y del amado /
_cRaimundo Lulio ; traducción castellana, anónima, publicada en Mallorca, Vda. de Frau 1749 ; prólogo de Juan Zaragüeta.
250 _a3ª ed.
260 _aBuenos Aires :
_bAguilar,
_c1981.
300 _a121 p. ;
_c19 cm.
490 1 _aIniciación filosófica ;
_v66
650 _aMisticismo.
_915086
700 1 _aZaragüeta, Juan.
_9118040
830 0 _aIniciación filosófica ;
_v66
_9182597
852 _aES-MaACL
_jL-30609
_z. - Donat. Miguel A. Velasco
999 _c186007
_d186007